| 000 | 00636nam a2200193Ia 4500 | ||
|---|---|---|---|
| 008 | 140626s9999 xx 000 0 und d | ||
| 100 | _aJenkins, Robert. | ||
| 245 | 4 |
_aThe Role of nurses in meeting the health care needs of olders people with intellectual disabilities : _b a review of the published literature / _cRobert Jenkins ... [et al.] |
|
| 260 | _cc2012. | ||
| 300 | _a16 : 2, page 85 | ||
| 440 | _aJournal of Intellectual Disabilities | ||
| 521 | _aSPED | ||
| 650 | _aHealth. | ||
| 650 | _aIntellectual disabilities. | ||
| 650 | _aLiterature review. | ||
| 650 | _aNursing. | ||
| 650 | _aOlder people. | ||
| 942 | _cSE | ||
| 999 |
_c120941 _d120941 |
||